MyGZULibrary

Nzvengamutsvairo / (Record no. 8383)

MARC details
000 -LEADER
fixed length control field 00635cam a2200217 a 4500
001 - CONTROL NUMBER
control field 2877117
003 - CONTROL NUMBER IDENTIFIER
control field GZU
005 - DATE AND TIME OF LATEST TRANSACTION
control field 20210519130550.0
008 - FIXED-LENGTH DATA ELEMENTS--GENERAL INFORMATION
fixed length control field 860204s1957 rh 000 1 sna
010 ## - LIBRARY OF CONGRESS CONTROL NUMBER
LC control number 85980727
020 ## - INTERNATIONAL STANDARD BOOK NUMBER
International Standard Book Number 0582612306
040 ## - CATALOGING SOURCE
Original cataloging agency DLC
Transcribing agency DLC
Modifying agency DLC
050 00 - LIBRARY OF CONGRESS CALL NUMBER
Classification number PL8681.9.C55
Item number N98 1981
100 1# - MAIN ENTRY--PERSONAL NAME
Personal name Chidzero, Bernard T. G.,
Dates associated with a name 1927-
245 10 - TITLE STATEMENT
Title Nzvengamutsvairo /
Statement of responsibility, etc. Bernard T.G. Chidzero.
260 ## - PUBLICATION, DISTRIBUTION, ETC.
Place of publication, distribution, etc. Ardbennie, Salisbury :
Name of publisher, distributor, etc. Longman,
Date of publication, distribution, etc. 1957
Date of manufacture (1981 printing)
300 ## - PHYSICAL DESCRIPTION
Extent 86 p. ;
Dimensions 18 cm.
500 ## - GENERAL NOTE
General note In Shona.
906 ## - LOCAL DATA ELEMENT F, LDF (RLIN)
a 7
b cbc
c orignew
d 4
e ncip
f 19
g y-gencatlg
942 ## - ADDED ENTRY ELEMENTS (KOHA)
Source of classification or shelving scheme Library of Congress Classification
Koha item type Books
Classification part 8681
Item part CHI
Call number prefix PL
Call number suffix 1957
Holdings
Withdrawn status Lost status Damaged status Not for loan Collection code Home library Current library Shelving location Date acquired Total Checkouts Full call number Barcode Date last seen Date last checked out Copy number Price effective from Koha item type
        Non-fiction Mashava Campus Library Mashava Campus Library General Stacks 05/19/2021 1 PL8681 CHI 1957 G22345 03/25/2024 03/19/2024 c.1 05/19/2021 Books